| 000 | 00541nam a2200169 i 4500 | ||
|---|---|---|---|
| 001 | 78746 | ||
| 003 | ES-MaACL | ||
| 005 | 20230906173812.0 | ||
| 007 | t| | ||
| 008 | 041015s1962 sp ||||1| spa d | ||
| 100 | 1 |
_aHall, Arthur Stanley. _961556 |
|
| 245 | 1 | 0 |
_aConstrucción de gráficas y diagrámas / _cA.S. Hall ; traducido por Francisco Javier Lizárraga. |
| 260 |
_aZaragoza : _bAcribia, _c[1962] |
||
| 300 |
_aXII, 186 p. : _bil. ; _c22 cm. |
||
| 700 | 1 |
_aLizarraga, Francisco Javier. _972613 |
|
| 852 |
_aES-MaACL _jC-23645 _bR.52178 |
||
| 999 |
_c78746 _d78746 |
||